000 00924nam a2200241Ia 4500
003 OSt
005 20210824151055.0
008 210310s1986 ck fr 001 0 spa d
020 _a9586041727
040 _aCO-JMCR
_cCO-JMCR
041 0 _aspa
082 0 4 _a340 /
_bM753i
_223
100 1 _aMonroy Cabra, Marco Gerardo,
_917163
_eautor
245 1 0 _aIntroducción al derecho /
_cMarco Gerardo Monroy Cabra
250 _aSéptima edición
260 _aBogotá :
_bEditorial Temis,
_c1986
300 _axxiii, 472 páginas ;
_c24 cm.
500 _aIncluye notas a pie de página e índice de materias y de autores.
505 0 _aNociones fundamentales del derecho -- Conceptos jurídicos fundamentales -- La técnica jurídica -- Teoría de los conflictos de leyes -- Teoría general del negocio jurídico
650 1 4 _aDerecho
_917165
_xManuales
650 2 4 _aDerecho
_vFilosofía
_xManuales
_939627
942 _2ddc
_cBK
999 _c8401
_d8401